[Event "Barcelona Sant Marti op-B 23rd"]
[Site "Barcelona"]
[Date "2023.07.13"]
[Round "1"]
[White "Calafell Marques, Josep"]
[Black "Hurtado Farre, Ilefons"]
[Result "1-0"]
[WhiteElo "1630"]
[BlackElo "1120"]
[PlyCount "63"]
[EventDate "2023.07.13"]
[EventType "swiss"]
[EventRounds "9"]
[EventCountry "ESP"]
[SourceTitle "CBM 215 Extra"]
[Source "ChessBase"]
[SourceDate "2023.09.30"]
[SourceVersion "1"]
[SourceVersionDate "2023.09.30"]
[SourceQuality "1"]

1. e4 c5 2. Nc3 g6 3. Bc4 e6 4. Nf3 Bg7 5. 0-0 Ne7 6. d3 0-0 7. Bg5 Nbc6 8. a3 Re8 9. Re1 Qb6 10. Rb1 d5 11. exd5 Nd4 12. Nxd4 Bxd4 13. dxe6 Bxe6 14. Bxe7 Rxe7 15. Nd5 Qd8 16. Nxe7+ Qxe7 17. Bxe6 fxe6 18. c3 Bg7 19. Qg4 e5 20. d4 Qd6 21. dxc5 Qxc5 22. Qe6+ Kh8 23. Rbd1 Qb5 24. Rd2 Re8 25. Qd5 Qb6 26. Re4 Bf6 27. Qc4 Rd8 28. Qe2 Bg5 29. Rxd8+ Qxd8 30. Rxe5 h5 31. Re8+ Kh7 32. Rxd8 1-0

[Event "Barcelona Tres Peons-C"]
[Site "Barcelona"]
[Date "2021.03.24"]
[Round "5"]
[White "Hurtado Farre, Ilefons"]
[Black "Forcadell Escouffier, Albert"]
[Result "0-1"]
[WhiteElo "1009"]
[BlackElo "1451"]
[PlyCount "52"]
[EventDate "2021.02.24"]
[EventType "tourn"]
[EventRounds "9"]
[EventCountry "ESP"]
[SourceTitle "EXT 2022"]
[Source "ChessBase"]
[SourceDate "2021.10.06"]
[SourceVersion "1"]
[SourceVersionDate "2021.10.06"]
[SourceQuality "1"]

1. e4 c5 2. Nc3 d6 3. f4 g6 4. Nf3 Bg7 5. Bc4 a6 6. 0-0 Nh6 7. Qe1 e6 8. d3 Nc6 9. a3 0-0 10. Rb1 b5 11. Ba2 Qb6 12. Be3 Ng4 13. Kh1 Nxe3 14. Qxe3 Nd4 15. b4 Nxc2 16. Qc1 Nd4 17. Nxd4 Bxd4 18. Ne2 Bg7 19. Rf3 Bb7 20. Qe1 cxb4 21. axb4 a5 22. Rh3 d5 23. Qh4 h6 24. g4 dxe4 25. Kg2 exd3+ 26. Kg3 Qe3# 0-1

[Event "Barcelona Sant Marti op-B 21st"]
[Site "Barcelona"]
[Date "2019.07.14"]
[Round "2"]
[White "Hurtado Farre, Ilefons"]
[Black "Cervera Lopez, Miguel"]
[Result "0-1"]
[WhiteElo "1044"]
[BlackElo "1566"]
[PlyCount "44"]
[EventDate "2019.07.13"]
[EventType "swiss"]
[EventRounds "9"]
[EventCountry "ESP"]
[SourceTitle "EXT 2020"]
[Source "ChessBase"]
[SourceDate "2019.10.17"]
[SourceVersion "1"]
[SourceVersionDate "2019.10.17"]
[SourceQuality "1"]

1. e4 c5 2. d3 Nc6 3. Nd2 Nf6 4. g3 g6 5. Bg2 Bg7 6. Ngf3 d6 7. 0-0 0-0 8. Re1 e5 9. Qe2 Bg4 10. Nc4 Nd4 11. Qd1 Qd7 12. Be3 b5 13. Na5 Nh5 14. c3 Nxf3+ 15. Bxf3 Bxf3 16. Qxf3 Rad8 17. Qd1 d5 18. Qd2 f5 19. Bh6 f4 20. Bxg7 Kxg7 21. exd5 f3 22. Nc6 Qh3 0-1

[Event "Barcelona Sant Marti op-B 21st"]
[Site "Barcelona"]
[Date "2019.07.13"]
[Round "1"]
[White "Mercader Rubio, Luis"]
[Black "Hurtado Farre, Ilefons"]
[Result "1-0"]
[WhiteElo "1669"]
[BlackElo "1044"]
[PlyCount "63"]
[EventDate "2019.07.13"]
[EventType "swiss"]
[EventRounds "9"]
[EventCountry "ESP"]
[SourceTitle "EXT 2020"]
[Source "ChessBase"]
[SourceDate "2019.10.17"]
[SourceVersion "1"]
[SourceVersionDate "2019.10.17"]
[SourceQuality "1"]

1. e4 g6 2. d4 Bg7 3. Nf3 Nf6 4. Nc3 d6 5. Be2 c6 6. 0-0 Nbd7 7. Bg5 0-0 8. Qd2 e5 9. Bh6 Ng4 10. Bxg7 Kxg7 11. h3 Nh6 12. Rad1 a6 13. a3 b5 14. Nh2 Nf6 15. dxe5 b4 16. exf6+ Qxf6 17. axb4 Bb7 18. Qxd6 Rfd8 19. Qxf6+ Kxf6 20. Ng4+ Nxg4 21. hxg4 Rxd1 22. Rxd1 Kg7 23. Bc4 Rc8 24. Rd7 Ba8 25. Bxf7 Kf8 26. Be6 Re8 27. Bc4 c5 28. bxc5 Re7 29. Rd8+ Re8 30. Rxe8+ Kxe8 31. Bd5 Bxd5 32. exd5 1-0

[Event "Barcelona La Lira op 12th"]
[Site "Barcelona"]
[Date "2019.04.25"]
[Round "3"]
[White "Torres Teruel, Joan"]
[Black "Hurtado Farre, Ilefons"]
[Result "1-0"]
[WhiteElo "1479"]
[BlackElo "1045"]
[PlyCount "51"]
[EventDate "2019.04.04"]
[EventType "swiss"]
[EventRounds "9"]
[EventCountry "ESP"]
[SourceTitle "CBM 190 Extra"]
[Source "ChessBase"]
[SourceDate "2019.07.15"]
[SourceVersion "1"]
[SourceVersionDate "2019.07.15"]
[SourceQuality "1"]

1. Nf3 g6 2. g3 d6 3. Bg2 Bg7 4. d3 Nf6 5. Nbd2 Nbd7 6. c4 e5 7. Rb1 a6 8. b4 b5 9. Nxe5 Nxe5 10. Bxa8 c6 11. d4 Ned7 12. Bxc6 d5 13. cxb5 0-0 14. bxa6 Bxa6 15. Qa4 Nb8 16. b5 Nxc6 17. bxc6 Qe7 18. Qxa6 Re8 19. Ba3 Qe6 20. Rb6 Ne4 21. c7 Nxd2 22. Rxe6 fxe6 23. c8Q Rxc8 24. Qxc8+ Kf7 25. Qd7+ Kf6 26. Be7+ 1-0

[Event "Barcelona Tres Peons-C 46th"]
[Site "Barcelona"]
[Date "2017.06.09"]
[Round "8.4"]
[White "Cervera Alemany, Serafin"]
[Black "Hurtado Farre, Ilefons"]
[Result "1-0"]
[WhiteElo "1474"]
[BlackElo "1314"]
[PlyCount "59"]
[EventDate "2017.04.21"]
[EventType "swiss"]
[EventRounds "9"]
[EventCountry "ESP"]
[SourceTitle "EXT 2024"]
[Source "ChessBase"]
[SourceDate "2023.10.10"]
[SourceVersion "1"]
[SourceVersionDate "2023.10.10"]
[SourceQuality "1"]

1. d4 d5 2. c4 e6 3. Nf3 Nf6 4. g3 Be7 5. Bg2 0-0 6. 0-0 Ne4 7. Nc3 c6 8. Nxe4 dxe4 9. Nd2 e3 10. fxe3 Nd7 11. e4 e5 12. Nf3 exd4 13. Nxd4 c5 14. Nf5 Ne5 15. Qxd8 Bxd8 16. Nd6 Nxc4 17. Nxc4 Bf6 18. Bf4 Rd8 19. Rfd1 Bd4+ 20. e3 Bg4 21. Rd2 b5 22. exd4 bxc4 23. dxc5 h6 24. Rxd8+ Rxd8 25. Bd6 Be2 26. Rc1 a5 27. b3 cxb3 28. axb3 Ra8 29. e5 a4 30. Bxa8 1-0

[Event "Barcelona Tres Peons-C 46th"]
[Site "Barcelona"]
[Date "2017.06.02"]
[Round "7.3"]
[White "Hurtado Farre, Ilefons"]
[Black "Costa Frers, Octavi"]
[Result "0-1"]
[WhiteElo "1314"]
[BlackElo "1127"]
[PlyCount "62"]
[EventDate "2017.04.21"]
[EventType "swiss"]
[EventRounds "9"]
[EventCountry "ESP"]
[SourceTitle "EXT 2024"]
[Source "ChessBase"]
[SourceDate "2023.10.10"]
[SourceVersion "1"]
[SourceVersionDate "2023.10.10"]
[SourceQuality "1"]

1. d4 f5 2. Nf3 e6 3. Bf4 Nf6 4. e3 c6 5. c3 d5 6. Bd3 Be7 7. Ne5 Nbd7 8. h3 0-0 9. Nd2 Nh5 10. Qxh5 Nf6 11. Qf3 Qb6 12. g4 Qxb2 13. Rb1 Qxc3 14. Ke2 Bb4 15. Rhd1 Ne4 16. Bxe4 fxe4 17. Nxe4 dxe4 18. Qxe4 b6 19. g5 c5 20. g6 h6 21. Qxa8 Ba6+ 22. Rd3 Bxd3+ 23. Nxd3 Rxa8 24. d5 Qd2+ 25. Kf3 Qxd3 26. Kg4 h5+ 27. Kxh5 Qe2+ 28. Kg5 Qxf2 29. dxe6 Bd2 30. Kh5 Bxe3 31. Bh6 gxh6 0-1

[Event "Barcelona Tres Peons-C 46th"]
[Site "Barcelona"]
[Date "2017.05.26"]
[Round "6.3"]
[White "Castillo Rosa, Jose Luis"]
[Black "Hurtado Farre, Ilefons"]
[Result "1/2-1/2"]
[WhiteElo "1700"]
[BlackElo "1314"]
[PlyCount "67"]
[EventDate "2017.04.21"]
[EventType "swiss"]
[EventRounds "9"]
[EventCountry "ESP"]
[SourceTitle "EXT 2024"]
[Source "ChessBase"]
[SourceDate "2023.10.10"]
[SourceVersion "1"]
[SourceVersionDate "2023.10.10"]
[SourceQuality "1"]

1. e4 e5 2. Nf3 Nc6 3. Bc4 g6 4. d3 Bg7 5. Nc3 d6 6. b4 Qe7 7. a3 Nf6 8. Bg5 0-0 9. Bxf6 Qxf6 10. Nd5 Qd8 11. h3 Nd4 12. c3 Nxf3+ 13. Qxf3 c6 14. Ne3 d5 15. Bb3 Be6 16. 0-0-0 b5 17. g4 Rc8 18. d4 exd4 19. cxd4 dxe4 20. Qg3 Bxb3 21. Rd2 Bxd4 22. Nf1 c5 23. Qxb3 c4 24. Qc2 c3 25. Re2 a5 26. Ng3 e3 27. f4 Qd5 28. Rd1 Rcd8 29. Ne4 f6 30. bxa5 Rfe8 31. Nxc3 Qc5 32. Nxb5 Qxb5 33. Rxd4 Qxa5 34. Qb3+ 1/2-1/2